00786nmc a2200265 a 4500003000900000005001700009008004100026020001800067040001300085100002400098245002800122250001200150260003400162300004000196490002700236650002300263650001600286650001700302650003400319650003100353650003600384650003200420650002600452650004200478AR-BaBNM20251128210433.0100020s1994 ||||||||||||||000 | spa|| a950-02-6332-7 cAR-BaBNM1 aKirbus, Federico B.10aArqueología argentina a1ª ed. aBuenos AiresbEl Ateneoc1994 a127 p.bil., láms., mapas, tablas 0aHistoria y Geografía 4aHISTORIA ARGENTINA 4aARQUEOLOGIA 4aANTROPOLOGIA 4aHISTORIA PROVINCIAL ARGENTINA 4aEXCAVACIONES ARQUEOLOGICAS 4aLUGARES DE INTERES ARQUEOLOGICO 4aINTERPRETACION ARQUEOLOGICA 4aOBJETOS ARQUEOLOGICOS 4aTRABAJO ARQUEOLOGICO SOBRE EL TERRENO